The United States Navy : a handbook /

Bibliographic Details
Main Author: Williams, Henry, 1877-1973
Format: Book
Language:English
Published: New York : H. Holt, 1911.
Subjects:

MARC

Tag First Indicator Second Indicator Subfields
LEADER 00000cam a2200000 4500
001 in00000055167
005 20151008052159.0
008 780915s1911 nyuaf 00000 engm
010 |a  11028288  
035 |a (OCoLC)04226639 
035 |9 AAH2087AM 
040 |a DLC  |c WIH  |d TXA  |d UtOrBLW 
049 |a TXAS [mil] 
050 0 |a VA55  |b .W6 1911 
092 |a 359.0973  |b W717u 
100 1 |a Williams, Henry,  |d 1877-1973. 
245 1 4 |a The United States Navy :  |b a handbook /  |c by Henry Williams. 
264 1 |a New York :  |b H. Holt,  |c 1911. 
300 |a viii, 228 pages :  |b illustrations ;  |c 20 cm. 
336 |a text  |b txt  |2 rdacontent 
337 |a unmediated  |b n  |2 rdamedia 
338 |a volume  |b nc  |2 rdacarrier 
500 |a Includes index. 
610 1 0 |a United States.  |b Navy. 
999 |a MARS 
999 f f |s afb4bed4-20ad-3256-8af7-cca11f22a7b9  |i fe55e8f3-7278-380c-94e8-e12a62f2138c  |t 0 
952 f f |p noncirc  |a Texas A&M University  |b College Station  |c Cushing Memorial Library & Archives  |d Cushing: Ragan Military (Does not check out)  |t 0  |e VA55 .W6 1911  |h Library of Congress classification  |i unmediated -- volume 
998 f f |a VA55 .W6 1911  |t 0  |l Cushing: Ragan Military (Does not check out)